000 00439nam a2200181Ia 4500
001 19763
005 20260306172716.0
008 260306t2006||||xx |||||||||||||| ||spa||
041 _aESP
082 _a341
_bV64P
100 _aVigo, Rodolfo Luis
_eAUT
245 0 _aPerspectivas iusfilosóficas contemporáneas
260 _c2006
300 _a410 páginas :
_c22 cm.
650 _aGEN
654 _aCDE
942 _cLIB
_dJUS
_fJUS
_2ddc
_n
999 _c19763
_d19763